000 00734nam a2200241Ia 4500
003 OSt
005 20220927110332.0
006 a|||||r|||| 00| 0
007 ta
008 220926b |||||||| |||| 00| 0 eng d
024 _a138522
037 _cReference Collections
040 _aRTL
_cRTL
_beng
041 _2eng
_aeng
082 _a"U672(J:1)p1,N80, M2"
111 _aLand Use Seminar On Soil Degrandation (1980 : Wageningen)
_9376171
245 0 _aProceedings
_b Soil degradation. Ed by D Boels etc
260 _aRotterdam
_bA A Balkema
_c1982
300 _a280p.
_ccm.
650 _aAgricultural Geography
_9376172
942 _h"U672(J:1)p1,N80, M2"
_cCC
999 _c695552
_d695552